50 Flaggen Erraten - Statistiken

Allgemein
  • Dieses Quiz wurde 1.245 mal gespielt
  • Das Durchschnittsergebnis liegt bei 40 aus 50
Antwortstatistiken
Bildquiz Antwort % Korrekt
Deutschland
100%
Schweiz
99%
Schweden
97%
Turkei
97%
Albanien
96%
Frankreich
96%
Kanada
96%
Spanien
96%
Brasilien
95%
Russland
95%
FInnland
94%
Norwegen
94%
Usa
94%
Belgien
93%
Österreich
93%
Polen
93%
Südkorea
92%
Argentinien
91%
Dänemark
91%
Mexiko
89%
Griechenland
88%
Indien
88%
Südafrika
88%
Estland
85%
Rumänien
83%
Ägypten
82%
Australien
82%
Serbien
82%
Zypern
82%
Marokko
81%
Lettland
80%
Tschechien
80%
Slowakei
78%
Irak
77%
Neuseeland
77%
Ungarn
77%
Bulgarien
76%
Katar
73%
Litauen
73%
Nordkorea
72%
Tunesien
72%
Indonesien
70%
Algerien
69%
Bangladesch
62%
Armenien
56%
Mongolei
51%
Bolivien
49%
Kambodscha
45%
Madagaskar
40%
Malediven
36%
Keine übereinstimmenden Quizze gefunden
Verteilung der Resultate
Anzahl Personen mit jedem Resultat
Perzentil nach korrekt beantworteten Fragen
Ihre Resultats-Entwicklung
Sie haben dieses Quiz noch nicht gespielt